Factors affecting export competitiveness : the case of Malaysia /
Saved in:
| 主要作者: | |
|---|---|
| 格式: | Thesis 图书 |
| 语言: | English |
| 出版: |
2006.
|
| 主题: | |
| 标签: |
添加标签
没有标签, 成为第一个标记此记录!
|
| LEADER | 00898cam a2200253 a 4500 | ||
|---|---|---|---|
| 001 | u744681 | ||
| 003 | SIRSI | ||
| 005 | 200709031700 | ||
| 008 | 070903s2006 my a t 000 0 eng m | ||
| 040 | |a UMM | ||
| 043 | |a a-my--- | ||
| 090 | |a HF1008 |b UMP 2006 Won | ||
| 100 | 1 | |a Wong, Lai Sum. | |
| 245 | 1 | 0 | |a Factors affecting export competitiveness : |b the case of Malaysia / |c Wong Lai Sum. |
| 260 | |c 2006. | ||
| 300 | |a xv, 329 leaves : |b ill. (some col.) ; |c 30 cm. | ||
| 502 | |a Thesis (Ph.D.) -- Fakulti Perniagaan dan Perakaunan, Universiti Malaya, 2007. | ||
| 504 | |a Bibliography: leaves 289-329. | ||
| 596 | |a 1 | ||
| 650 | 0 | |a Exports |z Malaysia. | |
| 650 | 0 | |a Competition |z Malaysia. | |
| 710 | 2 | |a Universiti Malaya. |b Fakulti Perniagaan dan Perakaunan. | |
| 900 | |a ND | ||
| 999 | |a HF1008 UMP 2008 WON |w LC |c 1 |i A513011340 |d 23/6/2015 |e 23/6/2015 |f 13/9/2007 |g 1 |l STACKS |m P01UTAMA |n 14 |r Y |s Y |t TESIS |u 13/9/2007 | ||
